<?xml version="1.0" encoding="UTF-8"?>
<record
    xmlns:xsi="http://www.w3.org/2001/XMLSchema-instance"
    xsi:schemaLocation="http://www.loc.gov/MARC21/slim http://www.loc.gov/standards/marcxml/schema/MARC21slim.xsd"
    xmlns="http://www.loc.gov/MARC21/slim">

  <leader>00735cam a22002411  4500</leader>
  <controlfield tag="001">ne 64002506 </controlfield>
  <controlfield tag="003">DLC</controlfield>
  <controlfield tag="005">20260227111805.0</controlfield>
  <controlfield tag="008">840118s1964    ua            000 0 arar </controlfield>
  <datafield tag="010" ind1=" " ind2=" ">
    <subfield code="a">ne 64002506 </subfield>
  </datafield>
  <datafield tag="035" ind1=" " ind2=" ">
    <subfield code="a">(OCoLC)10310634</subfield>
  </datafield>
  <datafield tag="040" ind1=" " ind2=" ">
    <subfield code="a">DLC</subfield>
    <subfield code="c">TxU</subfield>
    <subfield code="d">TxU</subfield>
    <subfield code="d">DLC</subfield>
  </datafield>
  <datafield tag="042" ind1=" " ind2=" ">
    <subfield code="a">premarc</subfield>
  </datafield>
  <datafield tag="050" ind1="0" ind2="0">
    <subfield code="a">LB880</subfield>
    <subfield code="b">.A46</subfield>
  </datafield>
  <datafield tag="100" ind1="1" ind2=" ">
    <subfield code="a">&#x2BB;Al&#x12B;, Fikr&#x12B; &#x1E24;asan.</subfield>
  </datafield>
  <datafield tag="245" ind1="1" ind2="0">
    <subfield code="a">Usus al-tarbiyah wa-&#x1E6D;uruq al-tadr&#x12B;s ,</subfield>
    <subfield code="c">ta&#x2BC;l&#x12B;f Fikr&#x12B; &#x1E24;asan &#x2BB;Al&#x12B; [wa] &#x1E24;asan al-&#x1E24;ar&#x12B;r&#x12B;.</subfield>
  </datafield>
  <datafield tag="250" ind1=" " ind2=" ">
    <subfield code="a">al-&#x1E6C;ab&#x2BB;ah al-&#x2BC;&#x16B;l&#xE1;.</subfield>
  </datafield>
  <datafield tag="260" ind1=" " ind2=" ">
    <subfield code="a">[al-Q&#x101;hirah ,</subfield>
    <subfield code="b">al-Maktab al-Thaq&#x101;f&#x12B; al-&#x2BB;Arab&#x12B;]</subfield>
    <subfield code="c">1964.</subfield>
  </datafield>
  <datafield tag="300" ind1=" " ind2=" ">
    <subfield code="a">296 p.</subfield>
    <subfield code="c">19 cm.</subfield>
  </datafield>
  <datafield tag="650" ind1=" " ind2="0">
    <subfield code="a">Education.</subfield>
  </datafield>
  <datafield tag="650" ind1=" " ind2="0">
    <subfield code="a">Teaching.</subfield>
  </datafield>
  <datafield tag="700" ind1="1" ind2=" ">
    <subfield code="a">&#x1E24;ar&#x12B;r&#x12B;, &#x1E24;asan,</subfield>
    <subfield code="e">joint author.</subfield>
  </datafield>
  <datafield tag="999" ind1=" " ind2=" ">
    <subfield code="c">47456</subfield>
    <subfield code="d">47456</subfield>
  </datafield>
</record>
